000 00722cam a22002533a 4500
001 2334
003 PGUSA
005 20140828083013.0
008 000901s2000||||xxu|||||s|||||000 p eng d
040 _aPGUSA
_beng
042 _adc
050 4 _aPR
100 1 _aKipling, Rudyard,
_d1865-1936
245 1 4 _aThe Works of Rudyard Kipling :
_bOne Volume Edition
_h[electronic resource] /
_cRudyard Kipling
260 _bProject Gutenberg,
_c2000
506 _aPublic domain in the USA.
516 _aElectronic text
653 _aEnglish poetry
653 _aShort stories, English
653 _aEnglish fiction
830 0 _aProject Gutenberg
_v2334
856 4 0 _uhttp://www.gutenberg.org/ebooks/2334
942 _cEB
999 _c231671
_d231671